000 00221nam a2200097Ia 4500
005 20251222175817.0
008 251222s9999||||xx |||||||||||||| ||spa||
082 _aDVD0090/S57/2005
245 0 _aBenedicto XVI:
942 _cDVD
999 _c40338
_d40338